00715cam a22002294a 450000100090000000300040000900500170001300800410003001000170007102000180008804000180010604200080012405000220013208200180015424501100017225000120028226000610029430000300035550400530038565000270043870000200046513900942OSt20230826160310.0050316s2006 njua b 001 0 eng  a 2005045934 a9789389552218 aDLCcDLCdDLC apcc00aHG4026b.F67 200600a658.15bKEO/F00aFoundations of finance :bthe logic and practice of financial management /cArthur J. Keown ... [et al.]. a9th ed. aUpper Saddle River, NJ :bPearson Prentice Hall,cc2020. a576 p. :b ill. ;c29 cm. aIncludes bibliographical references and indexes. 0aCorporationsxFinance. aKeown, Arthur J